|
|
|
|
| LEADER |
01171nam a2200301 a 4500 |
| 001 |
c000049099 |
| 003 |
CARM |
| 005 |
00000000000000.0 |
| 008 |
s1983 aca f00000 eng d |
| 019 |
1 |
|
|a 2598560
|5 LACONCORD2021
|
| 035 |
|
|
|a (OCoLC)220077185
|5 LACONCORD2021
|
| 040 |
|
|
|a SCAE
|c SCAE
|
| 042 |
|
|
|a anuc
|
| 043 |
|
|
|a u-at---
|
| 082 |
1 |
|
|a 375/.09/94
|2 19
|
| 110 |
2 |
0 |
|a Choice and Diversity Project (Australia)
|
| 245 |
1 |
0 |
|a Choice and diversity in government schooling :
|b descriptions of choice and diversity in practice.
|n Numbers 6-10.
|
| 260 |
|
|
|a [Canberra :
|b Commonwealth Schools Commission,
|c 1983?]
|
| 300 |
|
|
|a 7 leaves ;
|c 30 cm.
|
| 650 |
|
0 |
|a Curriculum change
|z Australia.
|
| 650 |
|
0 |
|a Educational innovations
|z Australia.
|
| 650 |
|
0 |
|a Education
|x Curricula.
|
| 650 |
|
0 |
|a Curriculum enrichment.
|
| 710 |
2 |
0 |
|a Commonwealth Schools Commission (Australia)
|
| 740 |
0 |
1 |
|a Choice and diversity in practice.
|
| 852 |
8 |
|
|b CARM
|h A2:AF29D0
|i D01041
|p 0037624
|f BK
|
| 999 |
f |
f |
|i ca4e2f61-2d35-5cc0-a065-a0fd8ed04ee0
|s 13189988-4b39-5474-8b45-b95dca2540f2
|
| 952 |
f |
f |
|p Can circulate
|a CAVAL
|b CAVAL
|c CAVAL
|d CARM 1 Store
|e D01041
|f A2:AF29D0
|h Other scheme
|i book
|m 0037624
|